000 00263nam a2200109Ia 4500
008 190911s9999||||xx |||||||||||||| ||und||
100 _aMilton,J.S.
245 0 _aIntroduction to Probability and Statistics
260 _aUSA
_bCRC
_c1995
300 _a811
942 _cBK
999 _c6819
_d6819